| 000 | 01396nam0a2200313 4500 | ||
|---|---|---|---|
| 001 | RU\NLR\bibl\527358 | ||
| 005 | 20260408181225.0 | ||
| 010 |
_a5-7237-0442-7 _9100 |
||
| 021 |
_aRU _b2004-25115 _91272 |
||
| 035 | _a(NLR Aleph) 000519711 | ||
| 090 |
_a1285411 _c1285411 |
||
| 100 | _a20040604d2004 k y0rusy50 ca | ||
| 101 | 0 | _arus | |
| 102 | _aRU | ||
| 105 | _ay ||||||||| | ||
| 200 | 1 |
_aИсследование процесса обратного осмоса на мембранах из микропористого стекла _fС.Л. Захаров _gМ-во образования Рос. Федерации, Рос. хим.-технол. ун-т им. Д.И. Менделеева. Изд. центр |
|
| 210 |
_aМ. _cРХТУ _d2004 |
||
| 215 |
_a96 с. _d21 |
||
| 320 | _aБиблиогр.: с. 90-95 (96 назв.) | ||
| 606 |
_aРазделение (хим.) _xМетод обратного осмоса _3RU\NLR\auth\66811237 _91800717 |
||
| 606 |
_aРазделение (хим.) _xМембранные методы _3RU\NLR\auth\66935676 _92031187 |
||
| 686 | _aЛ113.9 | ||
| 700 | 1 |
_4070 _8rus _7ca _aЗахаров _bС. Л. _cд-р техн. наук _gСтанислав Леонидович _3RU\NLR\auth\7788818 _971746 |
|
| 801 | 0 |
_aRU _bNLR _c20040604 _gPSBO |
|
| 801 | 1 |
_aRU _bNLR _c20040604 |
|
| 830 | _aавт. по кн. | ||
| 942 | _cBOOK | ||
| 980 | _aNB | ||